|
|
|
|
| LEADER |
00000nam a2200000 a 4500 |
| 001 |
UCP6793 |
| 003 |
CL-VaPUC |
| 008 |
991119e19930000AG |||||||||||||||||spa|d |
| 082 |
0 |
4 |
|a 371.3
|b LOP
|2 21
|
| 100 |
|
|
|a López, Carlos Eugenio
|e autor
|9 436082
|
| 245 |
1 |
0 |
|a Talleres, Cómo Hacerlos ?
|
| 300 |
|
|
|a 111 p
|
| 942 |
|
|
|c BK
|
| 945 |
|
|
|d 19991119 00:00:00
|a rbrito
|
| 260 |
|
|
|a Buenos Aires
|b Troquel
|c 1993
|
| 650 |
|
0 |
|a Métodos de enseñanza
|9 270413
|
| 650 |
|
0 |
|a Creatividad
|9 310816
|
| 650 |
|
0 |
|a Aprendizaje
|9 254827
|
| 650 |
|
0 |
|a Dinámica de grupos
|9 259862
|
| 583 |
|
|
|a last modification
|c 19991119 00:00:00
|k Rodrigo Vera
|
| 999 |
|
|
|c 284228
|d 284226
|
| 952 |
|
|
|0 0
|1 0
|4 0
|6 371_300000000000000_LOP_1993
|7 0
|8 A
|9 328042
|a BIBEDU
|b BIBEDU
|d 2019-11-20
|i 3577376
|o 371.3 LOP 1993
|p 3577376
|r 2019-11-20
|w 2019-11-20
|y BK
|k EPE
|